[Event "Medellin Luces Cup"]
[Site "Medellin"]
[Date "2017.12.21"]
[Round "6"]
[White "Chirivi Castiblanco, Angie Lizeth"]
[Black "Ossa Quintero, Vladimir Andrey"]
[Result "1-0"]
[WhiteElo "2007"]
[BlackElo "1959"]
[PlyCount "49"]
[EventDate "2017.12.18"]
[EventType "swiss"]
[EventRounds "7"]
[EventCountry "COL"]
[SourceTitle "CBM 182 Extra"]
[Source "ChessBase"]
[SourceDate "2018.02.23"]
[SourceVersion "1"]
[SourceVersionDate "2018.02.23"]
[SourceQuality "1"]

1. e4 g6 2. d4 Bg7 3. Nc3 d6 4. f4 c6 5. Nf3 Bg4 6. Be2 Bxf3 7. Bxf3 Qb6 8. e5 Nd7 9. Rb1 0-0-0 10. Na4 Qa5+ 11. c3 b5 12. Bxc6 bxa4 13. Bxa4 dxe5 14. fxe5 Nxe5 15. 0-0 Nf6 16. b4 Qb6 17. Kh1 Nc4 18. Qf3 e5 19. Bb3 Qc7 20. Bg5 Rd6 21. Bxc4 Qxc4 22. dxe5 Ne4 23. exd6 Nxg5 24. Qa8+ Kd7 25. Qxa7+ 1-0